000 00631nam a2200217Ii 4500
001 22868
003 CO-ViMGA
008 241108s9999||||xx |||||||||||||| ||und||
020 _a848963436X
040 _aCO-ViMGA
_bspa
_erda
_cCO-ViMGA
041 0 _aspa
082 0 4 _a927.5 P31j
100 1 _aJordá, María J.
_948711
245 1 0 _aDescubriendo el mágico mundo de Picasso
264 1 _aMadrid, España : Textura Ediciones SRL, 2004
300 _avolumen
336 _atext
_btxt
_2rdacontent
337 _aunmediated
_bn
_2rdamedia
338 _avolume
_bnc
_2rdacarrier
940 _aidficha_siabuc: 21383. -- ficha_no_siabuc:22868
999 _c43353
_d43353